<?xml version="1.0" encoding="UTF-8"?>
<record
    xmlns:xsi="http://www.w3.org/2001/XMLSchema-instance"
    xsi:schemaLocation="http://www.loc.gov/MARC21/slim http://www.loc.gov/standards/marcxml/schema/MARC21slim.xsd"
    xmlns="http://www.loc.gov/MARC21/slim">

  <leader>05669nam a2200505Ia 4500</leader>
  <controlfield tag="001">dia_5162</controlfield>
  <controlfield tag="003">CHAP</controlfield>
  <controlfield tag="005">20240909183342.0</controlfield>
  <controlfield tag="007">ta</controlfield>
  <controlfield tag="008">220117s2013    mx ao  frm    001 0 spa d</controlfield>
  <datafield tag="010" ind1=" " ind2=" ">
    <subfield code="a">176022</subfield>
  </datafield>
  <datafield tag="040" ind1=" " ind2=" ">
    <subfield code="c">CHAP</subfield>
    <subfield code="a">mxchpua</subfield>
    <subfield code="e">rda</subfield>
  </datafield>
  <datafield tag="041" ind1="0" ind2=" ">
    <subfield code="a">spa</subfield>
    <subfield code="b">eng</subfield>
  </datafield>
  <datafield tag="090" ind1=" " ind2=" ">
    <subfield code="a">Tesis </subfield>
    <subfield code="b">B78 </subfield>
    <subfield code="c">2013</subfield>
  </datafield>
  <datafield tag="100" ind1="1" ind2=" ">
    <subfield code="a">Bruno Amador, H&#xE9;ctor</subfield>
  </datafield>
  <datafield tag="240" ind1="1" ind2="0">
    <subfield code="a">Diagnosis of production models, technical training and follow-up projects in the rural area program (PESA-SAGARPA) workshops and implementation of conservation and food transformation.</subfield>
    <subfield code="l">Espa&#xF1;ol</subfield>
  </datafield>
  <datafield tag="245" ind1="1" ind2="0">
    <subfield code="a">Diagn&#xF3;stico de los modelos productivos, capacitaci&#xF3;n t&#xE9;cnica y seguimiento de proyectos en el &#xE1;rea Rural del Programa PESA-SAGARPA e implementaci&#xF3;n de talleres de conservaci&#xF3;n de talleres de conservaci&#xF3;n y transformaci&#xF3;n de alimentos. /</subfield>
    <subfield code="c">H&#xE9;ctor Bruno Amador</subfield>
  </datafield>
  <datafield tag="264" ind1=" " ind2=" ">
    <subfield code="a">Chapingo, M&#xE9;xico :</subfield>
    <subfield code="b">El autor,</subfield>
    <subfield code="c">2013</subfield>
  </datafield>
  <datafield tag="300" ind1=" " ind2=" ">
    <subfield code="a">86 hojas :</subfield>
    <subfield code="b">ilustraciones, diagramas, tablas, fotos +</subfield>
    <subfield code="e">1 CD-ROM</subfield>
  </datafield>
  <datafield tag="336" ind1=" " ind2=" ">
    <subfield code="2">rdacontent</subfield>
    <subfield code="a">texto</subfield>
    <subfield code="b">txt</subfield>
  </datafield>
  <datafield tag="337" ind1=" " ind2=" ">
    <subfield code="2">rdamedia</subfield>
    <subfield code="a">no mediado</subfield>
    <subfield code="b">n</subfield>
  </datafield>
  <datafield tag="338" ind1=" " ind2=" ">
    <subfield code="2">rdacarrier</subfield>
    <subfield code="a">volumen</subfield>
    <subfield code="b">nc</subfield>
  </datafield>
  <datafield tag="500" ind1=" " ind2=" ">
    <subfield code="a">El CD contiene el reporte</subfield>
  </datafield>
  <datafield tag="502" ind1=" " ind2=" ">
    <subfield code="a">Informe de Estancia Profesional </subfield>
    <subfield code="b">(Ingeniero Agroindustrial) -- </subfield>
    <subfield code="c">UACh. Departamento de Ingenier&#xED;a Agroindustrial, </subfield>
    <subfield code="d">2013</subfield>
  </datafield>
  <datafield tag="504" ind1=" " ind2=" ">
    <subfield code="a">Bibliograf&#xED;a: hoja 71</subfield>
  </datafield>
  <datafield tag="520" ind1="3" ind2=" ">
    <subfield code="a">En base la serie de opciones en el Reglamento de Titulaci&#xF3;n para el Nivel de Licenciatura, de noviembre del 2009, se ha dado cabal cumplimiento a la alternativa de titulaci&#xF3;n por Estancia Pre-profesional y destacando la importancia que &#xE9;sta tiene para el C. pasante H&#xE9;ctor Bruno Amador, se da conocer, por medio de un informe anal&#xED;tico, las actividades profesionales en un periodo de tres meses en la Agencia de Desarrollo Rural(ADR): mextlali S.C.&#x201D; la cualest&#xE1; ubicada en el Municipio de Coyomeapan, Sierra Negra del Estado de Puebla, las actividades ejecutadas fueron: Seguimiento de proyectos productivos en el medio rural, asi como la impartici&#xF3;n e implantaci&#xF3;n talleres de conservaci&#xF3;n y transformaci&#xF3;n de frutas y hortalizas. Dichas tareas se realizaron, bas&#xE1;ndose en las normas establecidas en el Programa Especial para la Seguridad alimentaria (PESA), mediante: Visitas directas a campo, la realizaci&#xF3;n de recomendaciones para el funcionamiento adecuado de los proyectos, as&#xED; como la aplicaci&#xF3;n de encuestas (patr&#xF3;n alimentario); estas visitas se realizaron una vez al mes, a cada productor. En las comunidades rurales con proyectos colectivos, las visitas fueron m&#xE1;s frecuentes. En toda visita realizada se levant&#xF3; un acta, estando presentes: Los coordinares del grupo beneficiario, el inspector de la localidad y los agentes t&#xE9;cnicos de la Agencia de Desarrollo Rural.Al igual que las visitas de seguimiento, los talleres de conservaci&#xF3;n y transformaci&#xF3;n se realizaron mensualmente en cada comunidad. En todos los talleres, los productores aportaron la  materia prima e insumos. La funci&#xF3;n de los t&#xE9;cnicos de la Agencia fue aportar los conocimientos necesarios para la realizaci&#xF3;n de los mismos. Se considera que se obtuvieron: Buenos resultados en el seguimiento de proyectos, as&#xED; como productos inocuos y de calidad, en cada unos de los talleres de conservaci&#xF3;n y transformaci&#xF3;n de alimentos. </subfield>
  </datafield>
  <datafield tag="520" ind1="3" ind2=" ">
    <subfield code="a">Based on the number of options in the Qualification Rules for the Bachelor level, November 2009, has fully complied with the alternative certification for Preprofessional stay and stressing the importance it has for the C. Hector Bruno Amador intern is given to know, through an analytical report, the professional activities over a period of three months in the Rural Development Agency (RDA): mextlali SC "which is located in the Municipality of Coyomeapan, Sierra Negra Puebla State, the activities implemented were: Monitoring of productive projects in rural areas, as well as the delivery and implementation workshops storage and processing of fruits and vegetables. These tasks were performed, based on standards established in the Special Programme for Food Security (SPFS), through: direct field visits, making recommendations for the proper functioning of the projects and the implementation of surveys (food pattern ), these visits are made once a month to each producer. In rural communities with collective projects, visits were more frequent. In every visit rose a record, being present: The target group we coordinate, the inspector of the local and technical staff of the Agency for Rural Development. As follow-up visits, workshops, storage and processing were made monthly in each community. In all the workshops, producers provided the raw materials and inputs. The technical role of the Agency was to provide the knowledge necessary to perform them. Is considered to be obtained: Good results in project tracking and product safety and quality in each of the workshops, conservation and food processing.</subfield>
  </datafield>
  <datafield tag="650" ind1="1" ind2="3">
    <subfield code="a">Procesamiento de alimentos</subfield>
    <subfield code="x">Preservaci&#xF3;n  </subfield>
    <subfield code="2">atg</subfield>
  </datafield>
  <datafield tag="650" ind1="1" ind2="3">
    <subfield code="a">Iniciativa empresarial  </subfield>
    <subfield code="2">atg</subfield>
  </datafield>
  <datafield tag="650" ind1="1" ind2="3">
    <subfield code="a">Educaci&#xF3;n de extensi&#xF3;n  </subfield>
    <subfield code="2">atg</subfield>
  </datafield>
  <datafield tag="650" ind1="1" ind2="3">
    <subfield code="a">Food processing</subfield>
    <subfield code="x">Preservation</subfield>
    <subfield code="2">atg</subfield>
  </datafield>
  <datafield tag="650" ind1="1" ind2="3">
    <subfield code="a">Entrepreneurship</subfield>
    <subfield code="2">atg</subfield>
  </datafield>
  <datafield tag="650" ind1="1" ind2="3">
    <subfield code="a">Extension education  </subfield>
    <subfield code="2">atg</subfield>
  </datafield>
  <datafield tag="700" ind1="1" ind2=" ">
    <subfield code="a">Ponce Hern&#xE1;ndez, Pedro</subfield>
    <subfield code="e">director</subfield>
  </datafield>
  <datafield tag="700" ind1="1" ind2=" ">
    <subfield code="a">Leyva Ruelas, Gabriel</subfield>
    <subfield code="e">asesor</subfield>
  </datafield>
  <datafield tag="700" ind1="1" ind2=" ">
    <subfield code="a">Santiago Pinelo, Ra&#xFA;l</subfield>
    <subfield code="e">asesor</subfield>
  </datafield>
  <datafield tag="856" ind1="4" ind2="1">
    <subfield code="u">http://10.13.5.2/tesis/sist109317.pdf</subfield>
    <subfield code="y">DESCARGAR PDF</subfield>
  </datafield>
  <datafield tag="901" ind1=" " ind2=" ">
    <subfield code="a">TESIS B78 2013</subfield>
  </datafield>
  <datafield tag="902" ind1=" " ind2=" ">
    <subfield code="a">M</subfield>
  </datafield>
  <datafield tag="905" ind1=" " ind2=" ">
    <subfield code="a">5212272013                          mx amnl8222123322spa16</subfield>
  </datafield>
  <datafield tag="942" ind1=" " ind2=" ">
    <subfield code="c">TESIS</subfield>
    <subfield code="2">Clasificaci&#xF3;n Universidad Aut&#xF3;noma Chapingo</subfield>
  </datafield>
  <datafield tag="999" ind1=" " ind2=" ">
    <subfield code="c">176022</subfield>
    <subfield code="d">176022</subfield>
  </datafield>
  <datafield tag="952" ind1=" " ind2=" ">
    <subfield code="0">0</subfield>
    <subfield code="1">0</subfield>
    <subfield code="2">local</subfield>
    <subfield code="4">0</subfield>
    <subfield code="5">5</subfield>
    <subfield code="7">0</subfield>
    <subfield code="8">TESIS</subfield>
    <subfield code="a">IA_</subfield>
    <subfield code="b">IA_</subfield>
    <subfield code="d">2024-09-18</subfield>
    <subfield code="e">El autor</subfield>
    <subfield code="l">1</subfield>
    <subfield code="o">Tesis B78 2013</subfield>
    <subfield code="p">1101007192</subfield>
    <subfield code="r">2024-09-18 16:17:04</subfield>
    <subfield code="s">2024-09-18</subfield>
    <subfield code="t">Ej. 3</subfield>
    <subfield code="y">CD</subfield>
  </datafield>
  <datafield tag="952" ind1=" " ind2=" ">
    <subfield code="0">0</subfield>
    <subfield code="1">0</subfield>
    <subfield code="2">local</subfield>
    <subfield code="4">0</subfield>
    <subfield code="5">1</subfield>
    <subfield code="7">0</subfield>
    <subfield code="8">TESIS</subfield>
    <subfield code="a">IA_</subfield>
    <subfield code="b">IA_</subfield>
    <subfield code="d">2023-04-12</subfield>
    <subfield code="e">El autor</subfield>
    <subfield code="l">1</subfield>
    <subfield code="o">Tesis B78 2013</subfield>
    <subfield code="p">1101007190</subfield>
    <subfield code="r">2026-02-02 00:00:00</subfield>
    <subfield code="s">2023-04-12</subfield>
    <subfield code="t">Ej. 1</subfield>
    <subfield code="y">TESIS</subfield>
  </datafield>
  <datafield tag="952" ind1=" " ind2=" ">
    <subfield code="0">0</subfield>
    <subfield code="1">0</subfield>
    <subfield code="2">local</subfield>
    <subfield code="4">0</subfield>
    <subfield code="7">0</subfield>
    <subfield code="8">TESIS</subfield>
    <subfield code="a">IA_</subfield>
    <subfield code="b">IA_</subfield>
    <subfield code="c">1</subfield>
    <subfield code="d">2022-01-18</subfield>
    <subfield code="e">El autor</subfield>
    <subfield code="l">0</subfield>
    <subfield code="p">dia_007191</subfield>
    <subfield code="r">2022-01-18 00:00:00</subfield>
    <subfield code="t">2</subfield>
    <subfield code="w">2022-01-18</subfield>
    <subfield code="y">TESIS</subfield>
  </datafield>
  <datafield tag="952" ind1=" " ind2=" ">
    <subfield code="0">0</subfield>
    <subfield code="1">0</subfield>
    <subfield code="2">local</subfield>
    <subfield code="4">0</subfield>
    <subfield code="7">0</subfield>
    <subfield code="8">TesDigL</subfield>
    <subfield code="a">IA_</subfield>
    <subfield code="b">IA_</subfield>
    <subfield code="c">E_L</subfield>
    <subfield code="d">2024-09-09</subfield>
    <subfield code="e">El autor</subfield>
    <subfield code="l">0</subfield>
    <subfield code="p">1201007190</subfield>
    <subfield code="r">2024-09-09 19:35:40</subfield>
    <subfield code="w">2024-09-09</subfield>
    <subfield code="y">TD</subfield>
  </datafield>
</record>
